000 00787cab a2200265 4500
001 ABS51549
008 090401t1994 xxu||||| |||| 00| 0 eng d
035 _a(Sirsi) u32950
041 _aeng
100 _aCollar, N.
245 _aNature conservation
260 _c1994
350 _a0
490 _aProperty Law
_v(11) October 1994, 4-6(3)
520 _aLooks at the limitations placed on development and use of land by the presence of items of nature conservation interest.
650 _aHABITATS DIRECTIVE
650 _aMATERIAL CONSIDERATIONS
650 _aNATURE CONSERVATION
650 _aPLANNING POLICY
650 _aSITES OF SPECIAL SCIENTIFIC INTEREST
690 _aCONSERVATION
690 _aPLANNING LAW AND PRACTICE
942 _n0
948 _c04/03/1997
999 _c22016
_d22016